000 00624cam a22002293a 4500
001 20428
003 PGUSA
005 20140828083431.0
008 070123s2007||||xxu|||||s|||||000 | eng d
040 _aPGUSA
_beng
042 _adc
050 4 _aBV
100 1 _aAdams, Nehemiah,
_d1806-1878
245 1 0 _aBertha and Her Baptism
_h[electronic resource] /
_cNehemiah Adams
260 _bProject Gutenberg,
_c2007
506 _aPublic domain in the USA.
516 _aElectronic text
653 _aInfant baptism
830 0 _aProject Gutenberg
_v20428
856 4 0 _uhttp://www.gutenberg.org/ebooks/20428
942 _cEB
999 _c249683
_d249683